000
00329nam a2200133Ia 4500
008
191201s1995 xx 000 0 und d
082
_a
621.3845
100
_a
SUBBARAO,A
245
0
_a
Network Analysis and Synthesis
260
_a
N. delhi
_b
Dhanpat Rai Pubns (P) Ltd
_c
1995
300
_a
731
650
_a
Applied
942
_2
ddc
_c
BK
999
_c
594
_d
594